Educación, capital humano y movilidad social en Costa Rica: un primer análisis de los datos del censo de 2000 /
Guardado en:
| Autor principal: | |
|---|---|
| Autor Corporativo: | |
| Formato: | Procedimiento de la Conferencia |
| Acceso en línea: | http://populi.eest.ucr.ac.cr |
| Etiquetas: |
Agregar Etiqueta
Sin Etiquetas, Sea el primero en etiquetar este registro!
|
MARC
| LEADER | 00000 a a2200000 04500 | ||
|---|---|---|---|
| 001 | 44972 | ||
| 003 | |||
| 040 | |||
| 100 | |a rPérez Brignoli, Héctor | ||
| 245 | |a Educación, capital humano y movilidad social en Costa Rica: |b un primer análisis de los datos del censo de 2000 / |c Héctor Pérez Brignoli | ||
| 500 | |a Servicios sociales: educación, salud y seguridad social. Parte III | ||
| 711 | |a Simposio Costa Rica a la luz del Censo del 2000 (5-6 de agosto del 2000) | ||
| 773 | |g páginas 271-285 | ||
| 856 | |u http://populi.eest.ucr.ac.cr | ||
| 999 | |c 31563 |d 31563 | ||
